<?xml version="1.0" encoding="UTF-8"?>
<marc:record xmlns:marc="http://www.loc.gov/MARC21/slim">
   <marc:leader>00000nam a2200000 a 4500</marc:leader>
   <marc:datafield ind1="1" ind2=" " tag="100">
      <marc:subfield code="a">Steinhöfel, Andreas</marc:subfield>
      <marc:subfield code="4">aut</marc:subfield>
      <marc:subfield code="e">Verfasser/-in</marc:subfield>
   </marc:datafield>
   <marc:datafield ind1="1" ind2=" " tag="100">
      <marc:subfield code="a">Vollmar, Neele L.</marc:subfield>
      <marc:subfield code="4">aut</marc:subfield>
      <marc:subfield code="e">Verfasser/-in</marc:subfield>
   </marc:datafield>
   <marc:datafield ind1="0" ind2="0" tag="245">
      <marc:subfield code="a">Rico, Oskar und das Herzgebreche 2</marc:subfield>
   </marc:datafield>
   <marc:datafield ind1="0" ind2="0" tag="245">
      <marc:subfield code="b">Extras: Die Drehtagebücher, Die Entstehung des Films u. a.</marc:subfield>
   </marc:datafield>
   <marc:datafield ind1="0" ind2="0" tag="245">
      <marc:subfield code="c">Steinhöfel, Andreas</marc:subfield>
   </marc:datafield>
   <marc:datafield ind1=" " ind2="1" tag="264">
      <marc:subfield code="a">Hamburg</marc:subfield>
   </marc:datafield>
   <marc:datafield ind1="1" ind2=" " tag="490">
      <marc:subfield code="a">Rico, Oskar</marc:subfield>
   </marc:datafield>
   <marc:datafield ind1="1" ind2=" " tag="520">
      <marc:subfield code="a">Die Lieblingshelden sind zurück: Endlich Sommerferien! Oskar darf ein paar Tage bei Rico übernachten und prompt kommen die beiden Hobbydetektive wieder einem&#xD;
Kriminalfall auf die Spur. Das Heikle daran: Diesmal scheint Ricos Mutter Tanja Doretti in die Sache verwickelt zu sein. Auch eine ominöse Bingo-Königin und ihr Sohn stecken mit drin. Da hilft nur, sich die Sonnenbrillen aufzusetzen und inkognito zu ermitteln. Der freundliche Bingospieler Herr van Scheerten hilft mit und gemeinsam gehen sie der Sache auf den Grund, ohne zu ahnen, dass sie sich damit in große Gefahr begeben.&#xD;
"Rico, Oskar und das Herzgebreche" ist die zweite Verfilmung nach der Bestseller-Reihe von Jugendliteraturpreis-Gewinner Andreas Steinhöfel.</marc:subfield>
   </marc:datafield>
   <marc:datafield ind1=" " ind2=" " tag="338">
      <marc:subfield code="a">Videodisk</marc:subfield>
   </marc:datafield>
</marc:record>
